Word Ladder: Cliches III Quiz Stats

 Plays Quiz Updated Apr 1, 2015

Challenge
Share
Tweet
Embed
Score 0/24 Timer 03:00
3 Plays Today
Cliché 4-Letter Word % Correct
Give you the shirt off my ____BACK
96.9%
No use crying over spilled ____MILK
96.7%
I am ____ and tired of itSICK
96.4%
Give them an inch - they'll take a ____MILE
95.5%
____ between the linesREAD
94.9%
____ around the bushBEAT
94.9%
Don't rock the ____BOAT
94.8%
Hit like a ____ of lightningBOLT
94%
Be at your ____ and callBECK
93.8%
Turn over a new ____LEAF
93.7%
Don't make a mountain out of a ____ hillMOLE
93.5%
____ one's woundsLICK
93.4%
Cliché 4-Letter Word % Correct
You can ____ a horse to water, but
you can't make him drink
LEAD
92.9%
For ____ of better things to doLACK
92.8%
____ your horsesHOLD
92.7%
You can't make a ____ purse out
of a sow's ear
SILK
92%
Not playing with a full ____DECK
91.9%
I need that like I need a ____ in the headHOLE
91.9%
____ as a doornailDEAD
91.9%
Turn a ____ earDEAF
91.2%
Grin and ____ itBEAR
90.1%
Take a ____ off your feetLOAD
87.9%
Bring up the ____REAR
87.8%
It's time to take ____ stepsBOLD
87.5%

Today's Daily Dose

You're not logged in!

Compare scores with friends on all Sporcle quizzes.
Join for Free
OR
Log In

You Might Also Like...

Show Comments

Extras

Top Quizzes Today


Score Distribution

Your Account Isn't Verified!

In order to create a playlist on Sporcle, you need to verify the email address you used during registration. Go to your Sporcle Settings to finish the process.

Report this User

Report this user for behavior that violates our Community Guidelines.

Details: